LEADER 03854nam a2200469 a 4500
001 44799
003 BD-DhAAL
005 20251005171734.0
008 250917t2007 nyua 000 0 eng
010 |a  2007060106 
020 |a 9780099523994 
020 |a 9780375714832 
035 |a 14879984 
040 |a DLC  |c DLC  |d DLC  |d BD-DhAAL 
041 1 |a eng  |h fre 
050 0 0 |a PN6747.S245  |b P4713 2007 
082 0 0 |a 955.0542092  |2 22 
100 1 |a Satrapi, Marjane,  |d 1969-  |9 59401 
240 1 0 |a Persepolis.  |l English 
245 1 4 |a Persepolis /  |c Marjane Satrapi. 
246 |a Persepolis :  |b the story of a childhood and the story of a return / 
260 |a London ;  |a India :  |b Vintage;  |b Tomson press,  |c 2008. 
300 |a 343 pages :  |b illustrations ;  |c 23 cm 
500 |a Persepolis : The story of childhood. Originally published: London: Jonathan Cape, 2003 Persepolis 2 : The story of a return. Originally published: London: Jonathan Cape, 2004  
500 |a Originally published: London: Jonathan Cape, 2006 Marjane Satrapi (born 22 November 1969) is an Iranian-born French graphic novelist, cartoonist, illustrator, film director, and children's book author. Satrapi became famous worldwide because of her critically acclaimed autobiographical graphic novels, originally published in French in four parts in 2000-2003 and in English translation in two parts in 2003 and 2004, respectively, as Persepolis and Persepolis 2, which describe her childhood in Iran and her adolescence in Europe. Persepolis won the Angoulême Coup de Coeur Award at the Angoulême International Comics Festival. Her later publication, Embroideries (Broderies), was also nominated for the Angoulême Album of the Year award in 2003, an award that was won by her novel Chicken with Plums (Poulet aux prunes). She has also contributed to the Op-Ed section of The New York Times. Comics Alliance listed Satrapi as one of twelve women cartoonists deserving of lifetime achievement recognition. Satrapi prefers the term "comic books" to "graphic novels." "People are so afraid to say the word 'comic'," she told the Guardian newspaper in 2011. "It makes you think of a grown man with pimples, a ponytail and a big belly. Change it to 'graphic novel' and that disappears. No: it's all comics." 
505 |a Introduction -- Veil -- Bicycle -- Water cell -- Persepolis -- Letter -- Party -- Heroes -- Moscow -- Sheep -- Trip -- F-14s -- Jewels -- Key -- Wine -- Cigarette -- Passport -- Kim Wilde -- Shabbat -- Dowry. 
505 |a Persepolis : the story of childhood Persepolis 2 : the story of a return 
541 |a Donated by Farhana Zahir, Assistant Professor, BRAC Business School, BRAC University  |e 44799 
546 |a In English; translated from the French. 
600 1 0 |a Satrapi, Marjane,  |d 1969-  |v Comic books, strips, etc.  |9 59402 
650 |a Islamic fundamentalism  |z Iran  |v Comic books, strips, etc.  |9 59403 
650 |a Girls  |z Iran  |v Biography.   |9 59404 
650 |a Families  |z Iran  |v Comic books, strips, etc.  |9 59405 
650 |a Iranians  |z Foreign countries  |v Comic books, strips, etc.  |9 59406 
650 |a Emigration and immigration  |x Psychological aspects  |v Comic books, strips, etc.  |9 59410 
651 |a Iran  |x History  |x Revolution,  |y 1979  |v Comic books, strips, etc.  |9 59408 
655 |a Comic books, strips, etc.  |9 58853 
700 1 |a Satrapi, Marjane,  |d 1969-  |t Persepolis 2.  |l English.  |9 59409 
852 |a Ayesha Abed Library  |c General stacks 
942 |2 ddc  |c BK 
999 |c 47575  |d 47575 
952 |0 0  |1 0  |2 ddc  |4 0  |6 955_054209200000000_SAT  |7 0  |9 78212  |a BRACUL  |b BRACUL  |c NEW  |d 2025-09-17  |e Donated by Farhana Zahir, Assistant Professor, BRAC Business School, BRAC University  |g 965.60  |l 5  |m 31  |o 955.0542092 SAT  |p 3010044799  |r 2026-05-21  |s 2026-04-26  |t 1  |v 1990.00  |w 2025-09-17  |y BK  |x Donated by Farhana Zahir, Assistant Professor, BRAC Business School, BRAC University₹699.00.